000 02036nam a2200541 c 4500
001 24646
003 ES-MaCES
005 20150724120054.0
008 120904s2011 sp do t 000 | spa d
017 _aM 47317-2011
_bDL
020 _a9788478992553
035 _aCES20120005870m
040 _aES-MaCES
_bspa
_cES-MaCES
245 0 0 _aInforme anual sobre la vulnerabilidad social 2010
_b: el impacto del desempleo en la vulnerabilidad social
_cCruz Roja Española ; [coord., Malgesini Rey, Graciela]
260 _a[Madrid]
_bCruz Roja Española
_c[2011]
300 _a382 p.
_bfot., gráf. col.
_c30 cm
500 _aEn la port.: Fundación Cruz Roja Española
504 _aBibliografía: p. 375-377
541 _cGratuito
650 4 _aexclusión social
_930629
650 4 _apobreza
_927112
650 4 _adesempleo
_928308
650 4 _acrisis económica
_927102
650 4 _aevaluación del impacto
_930732
650 4 _alucha contra la pobreza
_930648
650 4 _asocialmente desfavorecidos
_929219
650 4 _ainmigrante
_928631
650 4 _aextranjero
_928630
650 4 _apersonas de edad avanzada
_928521
650 4 _ainfancia
_928518
650 4 _ajuventud
_928522
650 4 _aEspaña
_926964
650 4 _a2010
_931233
650 4 _ainforme
_928986
653 1 0 _aAsuntos Sociales
650 4 _928300
_apolítica de empleo
700 1 _aMalgesini, Graciela
_ecol.
_917341
710 2 _aCruz Roja Española
_92589
710 2 _aFundación Cruz Roja Española
_93786
787 0 _tInforme anual sobre la vulnerabilidad social 2010
_w(ES-MaCES)24647
787 0 _tInforme anual sobre la vulnerabilidad social 2010
_w(ES-MaCES)24648
787 0 _tInforme anual sobre la vulnerabilidad social 2010
_w(ES-MaCES)24649
787 0 _tInforme sobre la vulnerabilidad social 2011-2012
_w(ES-MaCES)24871
787 0 _tInforme anual sobre la vulnerabilidad social [2008-2009]
_w(ES-MaCES)24645
902 _aLIB Libro
942 _2CES
_cBK
_h3.3.
999 _c24646
_d24646